Štúdium integrovaného procesu dľženia tvarovania polypropylénových priadzí vyšších jemností : (17.3.1988 /

Salvato in:
Dettagli Bibliografici
Autore principale: Čentík, Július (Autore)
Natura: Manoscritto Libro
Pubblicazione: Bratislava : SVŠT v Bratislave ChtF, 1987
Tags: Aggiungi Tag
Nessun Tag, puoi essere il primo ad aggiungerne!!

MARC

LEADER 00000ntm a22000003a 4500
001 stu20623
005 20150617225749.8
008 ------s1987----cs----------------------d
040 |a STU  |b slo 
041 0
044 |a cs 
080 |a 678.742/043.3/ 
100 1 |a Čentík, Július  |4 aut 
245 1 |a Štúdium integrovaného procesu dľženia tvarovania polypropylénových priadzí vyšších jemností :  |b (17.3.1988 /  |c [aut.]Čentík,Július 
260 |a Bratislava :  |b SVŠT v Bratislave ChtF,  |c 1987 
300 |a 95 s :  |b Tab.,grafy,lit 
996 |b CKD59  |c C*KD59  |l CCI  |s A  |a 24  |w stu20623_0001